Christianity in North East India : (Record no. 8412)
[ view plain ]
| 000 -LEADER | |
|---|---|
| fixed length control field | 00752nam a22002177a 4500 |
| 003 - CONTROL NUMBER IDENTIFIER | |
| control field | GBCCL |
| 005 - DATE AND TIME OF LATEST TRANSACTION | |
| control field | 20241126110650.0 |
| 008 - FIXED-LENGTH DATA ELEMENTS--GENERAL INFORMATION | |
| fixed length control field | 210211b ||||| |||| 00| 0 eng d |
| 020 ## - INTERNATIONAL STANDARD BOOK NUMBER | |
| International Standard Book Number | 9789388937016 |
| 040 ## - CATALOGING SOURCE | |
| Transcribing agency | GBC |
| 082 ## - DEWEY DECIMAL CLASSIFICATION NUMBER | |
| Classification number | 275.41 |
| Item number | LAL |
| 100 ## - MAIN ENTRY--PERSONAL NAME | |
| Personal name | Laltlinzo, Grace, |
| Relator term | author. |
| 9 (RLIN) | 14720 |
| 245 ## - TITLE STATEMENT | |
| Title | Christianity in North East India : |
| Remainder of title | a cultural response / |
| Statement of responsibility, etc. | Grace Laltlinzo. |
| 260 ## - PUBLICATION, DISTRIBUTION, ETC. | |
| Place of publication, distribution, etc. | New Delhi : |
| Name of publisher, distributor, etc. | Concept Publishing Company Pvt. Ltd., |
| Date of publication, distribution, etc. | 2019. |
| 300 ## - PHYSICAL DESCRIPTION | |
| Extent | vi, 115 pages ; |
| Other physical details | 22 cm |
| 504 ## - BIBLIOGRAPHY, ETC. NOTE | |
| Bibliography, etc. note | Includes bibliographical references and index. |
| 650 ## - SUBJECT ADDED ENTRY--TOPICAL TERM | |
| Topical term or geographic name entry element | Christianity |
| Geographic subdivision | India, Northeastern. |
| 9 (RLIN) | 945 |
| 650 ## - SUBJECT ADDED ENTRY--TOPICAL TERM | |
| Topical term or geographic name entry element | Tribes |
| Form subdivision | Religion. |
| Geographic subdivision | India, Northeastern |
| 9 (RLIN) | 14721 |
| 650 ## - SUBJECT ADDED ENTRY--TOPICAL TERM | |
| Topical term or geographic name entry element | Missions |
| Geographic subdivision | India, Northeastern. |
| 9 (RLIN) | 12094 |
| 942 ## - ADDED ENTRY ELEMENTS (KOHA) | |
| Source of classification or shelving scheme | Dewey Decimal Classification |
| Koha item type | Books |
| Koha issues (borrowed), all copies | 12 |
| Withdrawn status | Lost status | Source of classification or shelving scheme | Damaged status | Not for loan | Home library | Current Library | Shelving location | Date acquired | Total checkouts | Total renewals | Full call number | Barcode | Date last seen | Date last checked out | Copy number | Price effective from | Koha item type |
|---|---|---|---|---|---|---|---|---|---|---|---|---|---|---|---|---|---|
| Dewey Decimal Classification | GRACE BIBLE COLLEGE | GRACE BIBLE COLLEGE | North East Collection | 2021-02-11 | 13 | 2 | 275.41 LAL | 013900 | 2026-02-18 | 2025-11-20 | c.1 | 2021-02-11 | Books | ||||
| Dewey Decimal Classification | GRACE BIBLE COLLEGE | GRACE BIBLE COLLEGE | North East Collection | 2022-06-03 | 10 | 275.41 LAL | 015626 | 2026-02-18 | 2026-02-16 | c.2 | 2022-06-03 | Books |